000 01255nam a2200229 a 4500
001 16296845
008 161007s2010 ||||||||||||||||| || u
010 _a2010026347
020 _a9781444704457
020 _a9781439158975 (ebook)
050 _aPS 3554.E1755 E34
100 _aDeaver, Jeffery
245 1 0 _aEdge: a novel
_cJeffery Deaver
260 _aLondon
_bHodder and Stoughton
_c2010
300 _a397 p.
350 _a37.28
520 _aWhen Washington D.C. police detective Ryan Kessler is targeted by "lifter" Henry Loving, he and his family are immediately put under government protection. Assigned to the Kesslers is protection officer Corte: uncompromising, relentlessly devoted to protecting those in his care and a brilliant game strategist. As the "lifter" closes in on his prey, Corte must decide whether to protect his charges, or expose them to a killer in the name of personal revenge.
650 _aENGLISH LANGUAGE
856 _uhttp://www.loc.gov/catdir/enhancements/fy1013/2010026347-b.html
856 _uhttp://www.loc.gov/catdir/enhancements/fy1013/2010026347-d.html
995 _FCBU-MAIN LIBRARY (Kitwe)
_I37.28
_M1
_UAVAILABLE
_WOct 7, 2016
_ZFiction Collection
999 _c41110
_d41110